00331nam a2200121Ia 4500008004100000041000800041082001400049100002200063245002900085260003400114300001900148520004200167240719s9999 xx 000 0 und d aeng a813.6 MCC aMcdandless, David aInformation Is Beautiful aLondonbWILLIAM COLLINSc2012 a255;. P. 26 Cm aFaculty Purchase By Dr. S. Maheswaran